Statistics for Do You Know Kobe Bryant?

Click here to take the quiz!

General Stats

  • This quiz has been taken 301 times
  • The average score is 6 of 15

Answer Stats

QuestionAnswer% Correct
How Many Times Did Kobe Win an Olympic Gold Medal?2
91%
What Year Did Kobe Enter The Draft?1996
84%
How Many Times Did Kobe Make It To The Finals?7
71%
How Old Was Kobe When He Signed His Contract?17
57%
What Year Did Kobe Win MVP?2008
57%
How Many Times Has Kobe Won The NBA Finals?5
55%
Who Was Kobe's Dad?Joe Bryant
39%
What Was Kobe's Favorite Team Growing Up?Los Angeles Lakers
31%
What's The Most Points Kobe Scored In One Game?81
26%
What Is His Nickname?Black Mamba
26%
What Numbers Did Kobe Wear?8 and 24
15%
What Was Kobe's Dad's NicknameJoe 'Jelly Bean' Bryant
14%
Where Did His Name Originate From?Kobe Beef
6%
What Year Did Kobe Win His Only Dunk Contest?Rookie
2%
What Team Drafted Kobe?Charlettte Hornets
0%

Score Distribution

Percentile by Number Answered

Percent of People with Each Score

Your Score History

You have not taken this quiz